000 00301nam a2200109Ia 4500
008 200302s9999 xx 000 0 und d
100 _aRuturaj Parikh and Other
245 _aBrinda somaya works and continuities an Architectural monograph
260 _bMapin Publishing
260 _c2018
300 _a491
999 _c7085
_d7085